[Event "Miskolc"]
[Site "Miskolc"]
[Date "2004.03.11"]
[Round "2"]
[White "Portisch, Lajos"]
[Black "Nevednichy, Vladislav"]
[Result "1/2-1/2"]
[WhiteElo "2573"]
[BlackElo "2548"]
[Annotator "Krasenkow,M"]
[PlyCount "45"]
[EventDate "2004.03.10"]
[EventType "tourn"]
[EventRounds "9"]
[EventCountry "HUN"]
[EventCategory "12"]
[SourceTitle "CBM 100"]
[Source "ChessBase"]
[SourceDate "2004.06.01"]
[SourceVersion "1"]
[SourceVersionDate "2004.06.01"]
[SourceQuality "1"]

1. d4 Nf6 2. c4 g6 3. Nc3 d5 4. Bf4 Bg7 5. e3 O-O 6. Rc1 c5 7. dxc5 Be6 8. Nge2
{A rare move.} (8. Nf3 {is the main line.}) 8... Nc6 (8... Qa5 {is also
possible, leading to a theoretical position after} 9. Nd4) 9. cxd5 {Once again
evading the mian line, which arises after} (9. Nd4) 9... Nxd5 (9... Bxd5 10.
Bg5 (10. Qa4 $5) 10... Bc4 11. Qxd8 Rfxd8 {1/2-1/2 Soppe,G-Bronstein,L/San
Luis 1990/EXT 97 (11)}) 10. Nxd5 Qxd5 (10... Bxd5 11. Nc3 Be6 (11... Bxc3+ 12.
Rxc3 Bxa2 13. Qa4 Be6 14. Bd3 Bd5 15. O-O e5 16. Bg3 (16. Bh6 Re8 17. Rd1 $14)
16... Qe7 17. e4 {1/2-1/2 Nickoloff,B-Gravel,S/Toronto 1996/EXT 98 (17)}) 12.
Be2 (12. Qa4 $5) 12... Qa5 13. O-O Rfd8 $11 {1/2-1/2 Heinig,W-Seger,R/Germany
1994/GER-chT (29)}) 11. Qxd5 Bxd5 12. Nc3 Bxc3+ 13. Rxc3 Bxa2 {In the endgame,
despite White's bishop pair, Black easily holds on, due to his strong c6
knight and the better development.} 14. Bb5 (14. b3 Bb1 15. Bc4 {1/2-1/2
Nickoloff,B-Saleh,M/Toronto 1997/EXT 2001 (15)}) 14... Rfd8 15. Ke2 Be6 (15...
Bd5 16. f3 Rd7 17. Rd1 Rad8 18. Ke1 a6 19. Ba4 Be6 20. Rxd7 Rxd7 21. Ke2 f6 22.
Rd3 Kg7 23. Kd2 Rxd3+ 24. Kxd3 h5 25. h4 Bd5 26. e4 Bf7 27. Bc7 Be6 28. Ke3 Bc4
$11 {1/2-1/2 Stempin,P-Schmidt,W/Poznan 1986/EXT 97 (45)}) 16. Rd1 Rxd1 17.
Kxd1 f6 18. f3 g5 19. Bg3 h5 20. h4 g4 21. Ke1 gxf3 22. gxf3 Kf7 23. Bxc6 {
White can't invent anything better but this leads to a dead draw.} 1/2-1/2

[Event "VISA Nordic GP Final"]
[Site "Gentofte"]
[Date "1999.08.07"]
[Round "1"]
[White "Gretarsson, Helgi Ass"]
[Black "Borge, Nikolaj"]
[Result "1-0"]
[WhiteElo "2521"]
[BlackElo "2426"]
[Annotator "Krasenkow,M"]
[PlyCount "81"]
[EventDate "1999.08.05"]
[EventType "tourn"]
[EventRounds "13"]
[EventCountry "DEN"]
[EventCategory "9"]
[SourceTitle "CBM 073"]
[Source "ChessBase"]
[SourceDate "1999.12.01"]
[SourceVersion "1"]
[SourceVersionDate "1999.12.01"]
[SourceQuality "1"]

1. d4 Nf6 2. c4 g6 3. Nc3 d5 4. Bf4 Bg7 5. e3 O-O 6. Rc1 dxc4 {This line is
less popular than 6...c5 but quite satisfactory. Of course, Black should play
accurately to equalize.} 7. Bxc4 c5 8. d5 (8. dxc5 Qa5 9. Nf3 {- D 93}) 8... a6
{Black now tries to prepare ...b7-b5.} (8... Qa5 9. Nge2 Nbd7 10. O-O Nb6 $6 {
is not a good plan as after} 11. b3 $1 {[%csl Gc4,Gd5] White strongly controls
the centre (c4 and d5 square) and stays better, e.g.} Rd8 12. e4 e6 13. Bc7 Rd7
14. d6 Ne8 15. Bb5 Nxc7 16. Bxd7 Nxd7 17. dxc7 Qxc7 18. Nb5 Qc6 19. Nd6 $16 {
1-0 Vera,R-Doncevic,D/Roma op 1990 (39)}) 9. a4 Qa5 10. Qb3 {Preventing the
development of the black c8 bishop.} (10. Nge2 {is too passive:} Bd7 $1 {
/\11...b5} (10... Nbd7 {is less convincing:} 11. O-O Ng4 12. e4 Nge5 13. b3 $1
{the same idea that in the previous line} Kh8 14. Bd2 Qd8 15. f4 Nxc4 16. bxc4
e6 17. Rb1 b6 18. e5 Bb7 19. Ng3 Rb8 20. Nge4 $16 {Hoeksema,E-De Greef,H/
Dieren op 1988/1-0 (42)}) 11. d6 (11. Qb3 b5 12. axb5 axb5 13. Bxb5 Bxb5 14.
Qxb5 Qxb5 15. Nxb5 Nxd5) 11... e6 12. Qb3 {preventing ...b7-b5 but only
temporarily} Bc6 13. O-O Nbd7 14. e4 b5 $1 15. axb5 axb5 16. Nxb5 Rfb8 17. Nec3
Nh5 18. Bd2 Bxb5 19. Nxb5 (19. Bxb5 Bxc3) 19... Qxd2 20. Bxe6 Ne5 21. Rxc5 fxe6
22. Qxe6+ (22. Rxe5 Nf4) 22... Nf7 $19 {0-1 Asgeirsson,H-Jensson,E/2nd G
Arason, Hafnarfjordur ICE 1996 (26)}) 10... Nbd7 (10... Ne4 $5 11. Nge2 $6 (11.
Nf3 $1 {is stronger, like in the game}) 11... Nd7 12. Bd3 Nd6 13. O-O Rb8 14.
Rfd1 Ne5 15. Bc2 b5 16. axb5 axb5 17. Ra1 Qb6 18. Ne4 Bg4 $1 19. f3 Bd7 {
0-1 Michenka,J-Fogarasi,T/Ostrava 1993 (31) with an excellent play for Black.})
11. Nf3 $1 {Here the knight is more active than on e2. It controls the e5
square and in future can be transfered via d2 to c4.} Ne4 12. O-O Nd6 13. Be2
Qb4 {The black queen will be very vulnerable here but Black is preparing a
piece sacrifice to gain some fresh air.} (13... Nb6 $5 14. Nd2 Bd7 15. Ra1 Rac8
{[%cal Yc5c4]}) 14. Qc2 Nb6 {This knight has no better square.} 15. Nd2 Bd7 (
15... Bxc3 16. bxc3 Qxa4 17. e4 $36 {yields White a tremendous compensation
for the pawn but Black had some chances to survive.}) 16. Ra1 {[%cal Ya4a5]}
Bf5 17. e4 Nxe4 18. Ncxe4 (18. Ndxe4 Bxc3 19. Qxc3 Bxe4) 18... Nxd5 {As a
consequence of the piece sacrifice, Black has got rid of the white pawn centre.
His bishops are very strong and the white pieces are tied up. But... a piece
is a piece!} 19. Bg5 Rfd8 20. Bf3 f6 $4 {A terrible move closing down the g7
bishop.} ({After} 20... h6 {Black is OK, e.g.} 21. Bh4 (21. Be3 Nxe3 22. fxe3
Rac8 $44) 21... g5 22. Bg3 g4 (22... Rac8 $5) 23. Bd1 (23. Be2 Bxb2 24. Rab1
Nc3 25. Rxb2 Nxe2+ 26. Kh1 Nxg3+ 27. fxg3 Rxd2 28. Qxd2 Qxe4) 23... Rac8 $44)
21. Be3 Nxe3 22. fxe3 Bh6 {This position of the bishop is certainly less
active than g7 (before 20...f6?) - this is the main reason why Black now has
no compensation for the piece and White easily realizes his avantage.} 23. Ra3
$1 Rac8 24. Qc4+ Kg7 25. Rb3 b5 {despair} (25... Qxc4 26. Nxc4 $18) 26. axb5
axb5 27. Qxb4 cxb4 28. Re1 Rc2 29. Nf1 Rc4 30. Ned2 Rc2 31. Rxb4 Bd3 (31...
Rdxd2 32. Nxd2 Rxd2 33. Rxb5 $18) 32. Be4 Rc5 33. Bxd3 (33. Rd4 $18) 33... Rxd3
34. Ne4 Rc4 35. Rxc4 bxc4 36. Kf2 Rb3 37. Re2 Kf7 38. Rc2 Ke6 39. Ned2 Rb4 40.
Nxc4 Kd5 41. Ncd2 1-0

[Event "Dortmund 44th"]
[Site "Dortmund"]
[Date "2016.07.17"]
[Round "7"]
[White "Dominguez Perez, Leinier"]
[Black "Vachier Lagrave, Maxime"]
[Result "1/2-1/2"]
[WhiteElo "2713"]
[BlackElo "2798"]
[Annotator "Mekhitarian,K"]
[PlyCount "90"]
[EventDate "2016.07.09"]
[EventType "tourn"]
[EventRounds "7"]
[EventCountry "GER"]
[EventCategory "20"]
[SourceTitle "CBM 174"]
[Source "ChessBase"]
[SourceDate "2016.09.13"]
[SourceVersion "1"]
[SourceVersionDate "2016.09.13"]
[SourceQuality "1"]

1. d4 Nf6 2. c4 g6 3. Nc3 d5 4. Bf4 Bg7 5. e3 O-O 6. Rc1 {Black has many
interesting alternatives here, like 6...c5, 6...dxc4 or 6...Be6.} Be6 {A solid
approach, Black provokes White to play c5 and close the center for now.} (6...
c5 $5 7. dxc5 Be6 {is the main idea here.} (7... Qa5 {A rare move.} 8. cxd5 Rd8
9. Bc4 e6 $146 {tried by Maxime against Gelfand in 2014. It was probably a
one-game idea, because he ended up in a worse position, and definitely wasn't
willing to repeat it.} 10. Nge2 Nxd5 11. Bd6 Nxc3 12. Nxc3 b5 13. Bd3 b4 14.
Ne4 (14. Nb5 $5 {was critical, with a complicated position.}) 14... b3+ 15. Qd2
Qxd2+ 16. Kxd2 bxa2 17. Ra1 Bb7 $6 18. Rxa2 Bd5 19. Ra4 Nc6 20. b4 $16 {
1/2-1/2 (37) Gelfand,B (2748)-Vachier Lagrave,M (2757) Tashkent 2014; with a
better endgame for White.}) 8. Nf3 Nc6 9. Be2 {I played a game recently in
this line:} (9. Ng5 $5 {is extremely sharp and has been tried a number of
times:} Bg4 10. f3 e5 11. cxd5 exf4 12. dxc6 Qe7 $44 {1/2-1/2 (65) Dziuba,M 
(2564)-Krasenkow,M (2610) Poland 2015}) 9... Ne4 10. Nd4 Nxd4 11. exd4 Nxc3 12.
bxc3 dxc4 13. Qa4 $6 (13. Bf3 {was better:} Bd5 14. O-O Qd7 15. Re1 {and it
should be about equal after a move like ...b6, breaking White's structure, or .
..e6, consolidating the center.} Rfe8 (15... b6 $5 $11) (15... e6 $5 $11) 16.
Rb1 Rad8 $6 17. Bxd5 Qxd5 18. Qf3 $1 $16 {1-0 (50) Erdos,V (2577)-Ben Artzi,I 
(2399) Zalakaros 2016}) 13... Bd5 14. O-O Qe8 $1 15. Qxe8 Rfxe8 16. Bf3 Bxf3
17. gxf3 e5 $146 18. dxe5 $6 (18. Be3 $1 $13) 18... Bxe5 19. Bxe5 $6 Rxe5 20.
Rb1 Rg5+ $1 21. Kh1 Rb8 22. c6 b6 $17 {0-1 (38) Araujo,J (2156)-Mekhitarian,K 
(2555) Florianopolis 2016; and Black has an excellent endgame.}) (6... dxc4 7.
Bxc4 Nbd7 8. Nf3 Nh5 $5 9. Bg5 h6 10. Bh4 g5 11. Bg3 Nxg3 12. hxg3 c5 13. dxc5
Nxc5 14. Qc2 e6 15. Nh2 b5 $1 16. Bxb5 Rb8 $36 {1/2-1/2 (64) Matsenko,S (2534)
-Ipatov,A (2657) Izmir 2016, and Black has a very active play.}) 7. c5 c6 8. h3
(8. Bd3 {has been played twice against the Frenchman:} Bc8 (8... Bg4 9. Nge2
Re8 10. f3 Bc8 11. O-O Nbd7 12. Bg5 e5 13. b4 {1-0 (46) Wojtaszek,R (2733)
-Vachier Lagrave,M (2731) Biel 2015, and White achieved a comfortable position.
}) 9. Bg5 h6 10. Bh4 b6 11. b4 a5 $1 12. a3 axb4 13. axb4 bxc5 14. bxc5 Na6 (
14... Ra3 $5 $36) 15. Ra1 Bg4 (15... Bb7 $1 {threatening ...Nxc5 and the
possibility to follow up with ...Nc7 to exchange the light-squared bishops (on
a6) and later ...e5, creating pressure on d4.}) 16. Be2 Nb4 $13 {0-1 (52) So,W
(2770)-Vachier Lagrave,M (2789) Paris 2016}) 8... b6 9. b4 a5 {Starting real
counterplay on the queenside.} 10. Na4 $146 {A typical reaction which, however,
was never tried in this position before.} (10. cxb6 Qxb6 11. b5 a4 $1 {
Stopping Na4 and also preventing White from stabilizing the b5-square with a4;
soon also ...Qa5 will be an idea to create problems against the white king.}
12. Bd3 cxb5 13. Nxb5 Na6 $1 {Defending against Nc7 and also preparing ...Nb4.}
(13... Bf5 $6 14. Ne2 Qa5+ 15. Nec3 Bxd3 16. Qxd3 Rc8 17. O-O $14 {1-0 (48)
Ortiz Suarez,I (2579)-Krysa,L (2381) Mar del Plata 2012, and White was able to
maintain a small edge}) 14. Ne2 (14. a3 Ne4 $1 15. Ne2 Qa5+ 16. Kf1 Bd7 $1 $15
{is already very good for Black.}) 14... Qa5+ $36 {followed by ...Nb4.}) (10.
a3 axb4 11. axb4 bxc5 12. bxc5 Ra3 $1 {followed by ...Qa5 is extremely
annoying, White already has problems to consolidate the queenside and develop
at the same time.} (12... Ne4 $6 13. Bd3 Bf5 14. Nge2 Nd7 15. O-O e5 16. Bh2
Nxc3 17. Rxc3 exd4 18. Nxd4 Bxd3 19. Qxd3 Bxd4 20. Qxd4 $11 {1/2-1/2 (27) Wohl,
A (2384)-Deepan Chakkravarthy,J (2464) Nagpur 2008}) 13. Bd3 Qa5 14. Nge2 Na6
15. Bxa6 (15. O-O Nb4 16. Bb1 Bc8 $1 $15 {with an excellent initiative on the
queenside after ...Ba6.}) 15... Qxa6 16. O-O Ra8 $15) 10... b5 (10... bxc5 $2
11. bxc5 $16 {Now, without the a-file, Black has only weaknesses on the
queenside (mainly b6), and White achieves a great advantage after simple
developing moves like Bd3 and Nf3.}) 11. Nb6 Ra7 12. a4 $1 {This has to be
played.} (12. a3 axb4 13. axb4 Nbd7 14. Nxd7 Qxd7 $15 {with good play on the
a-file.}) 12... Nfd7 (12... axb4 13. axb5 Ne4 {seems to give White a
comfortable position after Bd3, maintaining his strong structure on the
queenside and completing his development with Ne2 next.} 14. Bd3 cxb5 15. Ne2
$14) 13. bxa5 Rxa5 14. Qd2 Nxb6 $5 (14... Ra7 {would maintain the material
balance and a solid position for Black:} 15. Nxd7 Bxd7 16. axb5 cxb5 {followed
by ...Nc6 (after Bd3, for example, since Black has ...Nxd4 after Bxb5). Black
has good perspectives to play on the queenside with the a-file and can
eventually prepare ...e5 at some point:} 17. Bd3 (17. Nf3 Qa5 (17... Nc6 18.
Bxb5 Na5 (18... Nxd4 $2 {Now it doesn't work.} 19. Nxd4 e5 20. Bxd7 Qxd7 21. c6
$18) 19. Qd3 $1 $16 (19. Bxd7 $2 Nb3 20. Qc3 Nxc1 21. c6 Nd3+ $1 $17)) 18. Qxa5
Rxa5 19. Bd3 Nc6 20. O-O b4 $11 {followed by Rfa8 and ...f6 (with ...e5 ideas)
looks good for Black - it is not easy to attack the apparantly weak b-pawn
which is rather becoming a strength.}) 17... Nc6 18. Bxb5 $2 Nxd4 $1 19. Bxd7
$2 Nb3 $19) 15. Qxa5 Nxa4 16. Qxd8 {White also had the option to maintain
queens with 16.Bc7:} (16. Bc7 Qc8 17. Nf3 Nb2 18. Be2 Na6 19. Bg3 Nc4 20. Qa2 {
would keep the position way more tense. Black definitely has compensation, but
it is hard to say if it is enough since there are no real threats and White
has time to try to consolidate his position.} Qb7 21. O-O Ra8 22. Ra1 $14)
16... Rxd8 17. Nf3 Na6 18. Be2 (18. Ne5 Bxe5 19. Bxe5 f6 {and after moves like
...Nb4/....Ra8, Black has potential to create play on the queenside, while at
the same time White's dark-squared bishop could be out of play for some time.
Still, it is a position that contains risks for Black:} 20. Bg3 $1 {Preparing
f3-Bf2 or Be1 at some point, bringen the bishop back into play as soon as
possible.} Nb4 21. f3 Bf5 {Threatening ...Nb2.} 22. Kd2 Ra8 $132 {Preparing
something like ...Na2 followed by N2c3 or ...Nb2-Nc4.}) 18... Nb4 19. Kd2 Na2
20. Rc2 Nb4 21. Rcc1 Na2 22. Ra1 {Dominguez is an exchange up and has every
reason to keep on playing.} N2c3 {Getting either the bishop pair, or the
e4-square.} 23. Rhc1 $6 (23. Bd3 $1 Ne4+ 24. Ke2 Nec3+ (24... Bf5 $5) 25. Kf1 {
This awkward-looking move was possible. White could prepare a slow regrouping
with g4-Kg2. This way, he is able to maintain the bishop pair and guard his
king in a safer square. Another idea is to make one of Black's knights feel
awkward (if Black plays ...b4 to guard his c3-knight, then the a4-knight
becomes vulnerable).} b4 {is visually scary, but White can deal with it:} 26.
g4 $1 b3 27. Ra3 (27. Kg2 $6 Nb2 $1 $36) 27... b2 28. Kg2 $16) 23... Nxe2 24.
Kxe2 f6 $1 {It's hard for White to find play now, since both his minor pieces
are limited, and he has to be watching ...e5 all the time.} 25. Kd2 Bf5 26. Ra2
Be4 27. Rca1 e5 28. Bg3 (28. dxe5 $6 Bxf3 29. gxf3 fxe5 $15 {and White will be
forced to sacrifice on a4 soon. In any case, Black already is slightly better
because of his superior structure.}) 28... Ra8 29. Ra3 Kf7 30. Ne1 exd4 $1 31.
exd4 Bh6+ 32. Ke2 Re8 33. Kf1 Bd2 34. Nd3 {Forcing a series of exchanges.} (34.
f3 Bf5 {...Bc3 is threatened.} 35. Rb3 {Planning Rxa4 against ...Bc3.} Re3 $1
$132 {and after the exchange of the rooks, the b-pawn could be a headache for
White.}) 34... Bxd3+ 35. Rxd3 Bc3 36. Rc1 b4 37. f3 {White wants to play Be1,
so there is not much Black can do rather than gain the exchange and hope for a
tiny advantage which, however, won't be enough to win.} Nb2 38. Rdxc3 bxc3 39.
Rxc3 Nc4 40. Kg1 Re2 41. Rb3 Ne3 42. Bf2 Nd1 43. Bg3 Ne3 44. Bf2 Nd1 45. Bg3
Ne3 {A hard-fought draw!} 1/2-1/2

[Event "Metz op 30th"]
[Site "Metz"]
[Date "2012.04.18"]
[Round "7"]
[White "Koziak, Vitali"]
[Black "Lalic, Bogdan"]
[Result "1/2-1/2"]
[WhiteElo "2511"]
[BlackElo "2469"]
[Annotator "Metz Alekhine/Primel,D"]
[PlyCount "45"]
[EventDate "2012.04.14"]
[EventType "swiss"]
[EventRounds "9"]
[EventCountry "FRA"]
[SourceTitle "EXT 2013"]
[Source "ChessBase"]
[SourceDate "2012.11.22"]
[SourceVersion "1"]
[SourceVersionDate "2012.11.22"]
[SourceQuality "1"]

1. d4 {01H30} Nf6 2. c4 g6 3. Nc3 d5 {Le croate avait publié une monographie
sur cette défense, il y a une quinzaine d'année} 4. Bf4 Bg7 5. e3 O-O 6. Rc1
Be6 (6... c6) (6... dxc4 7. Bxc4 Nbd7 8. Nb5 c6 9. Bc7 Qe8 10. Nc3 e5 11. dxe5
Nxe5 12. Be2 Bf5 13. Nf3 Nxf3+ 14. Bxf3 Rc8 15. Bg3 Ne4 16. Bxe4 Bxe4 17. O-O
Rd8 18. Qa4 Bd3 19. Rfd1 b5 20. Qa5 Rd7 21. Rd2 Qe7 22. Rcd1 Rfd8 23. a3 h5 24.
h3 h4 25. Bh2 Kh7 26. Bc7 Rxc7 27. Rxd3 Rxd3 28. Rxd3 Bf6 29. Rd2 Rd7 30. Rc2
Qe6 31. Qb4 a5 32. Qf4 Kg7 33. Rc1 a4 34. Qb4 Rd3 35. Rc2 Qb3 36. Qxb3 {
Nakamura,H (2758)-Ivanchuk,V (2775) Moscow 2011 0-1}) 7. c5 $6 {This is
probably too ambitious. White will hardly be able to hold this structure. 
(Krasenkow)} (7. Qb3 {La grande ligne}) 7... Nh5 $5 (7... c6 {Plus courant}) 8.
Bg5 b6 9. b4 h6 $146 (9... a5 10. a3 axb4 11. axb4 bxc5 12. bxc5 h6 13. Bh4 f5
14. Bd3 Nf6 15. Bxf6 Bxf6 16. f4 c6 17. Nf3 Nd7 18. O-O Ra3 19. Nb1 Ra2 20. Rf2
Rxf2 21. Kxf2 Qa5 22. Qd2 Qa7 23. Qc3 Bf7 24. Nbd2 Rb8 25. Ne5 Nxe5 26. dxe5
Bg7 27. Ra1 Qd7 28. Nf3 e6 29. Nd4 Bf8 30. Ra6 Rc8 31. g3 Qe7 32. Ra5 Be8 33.
Qb4 Qd7 34. Qb6 Be7 35. Ra7 Bd8 36. Qa6 Rc7 37. Ra8 Kf7 38. Bc2 Be7 39. Qa3 {
Van der Werf,M (2389)-Negi,P (2526) Wijk aan Zee 2008 1/2-1/2}) 10. Bh4 a5 11.
a3 axb4 12. axb4 Nc6 13. b5 Na5 14. c6 Qd6 15. Bd3 Nc4 $11 16. Bxc4 (16. Nge2)
16... dxc4 17. Nge2 f5 $11 18. Bg3 Nxg3 19. hxg3 Bf7 20. f4 Ra3 21. Ra1 Rfa8
22. Rxa3 Rxa3 23. O-O 1/2-1/2

[Event "World Women-ch k.o."]
[Site "Teheran"]
[Date "2017.02.15"]
[Round "2.2"]
[White "Kashlinskaya, Alina"]
[Black "Muzychuk, Anna"]
[Result "1/2-1/2"]
[WhiteElo "2418"]
[BlackElo "2558"]
[Annotator "Moradiabadi,E"]
[PlyCount "82"]
[EventDate "2017.02.11"]
[EventType "k.o."]
[EventRounds "7"]
[EventCountry "IRI"]
[SourceTitle "CBM 177"]
[Source "ChessBase"]
[SourceDate "2017.03.16"]
[SourceVersion "1"]
[SourceVersionDate "2017.03.16"]
[SourceQuality "1"]

1. d4 Nf6 2. c4 g6 3. Nc3 d5 4. Bf4 Bg7 5. e3 O-O 6. Rc1 Be6 7. c5 Nh5 8. Bg5
b6 9. b4 a5 10. b5 bxc5 11. dxc5 h6 12. Bh4 d4 13. exd4 Qxd4 14. Qxd4 Bxd4 15.
c6 Bxc3+ 16. Rxc3 Bxa2 17. Bc4 Bxc4 18. Rxc4 g5 19. Bg3 Nxg3 20. hxg3 a4 21.
Ne2 a3 22. Kd2 Rd8+ 23. Kc2 Rd6 24. Ra1 Kg7 25. Nd4 (25. Kb3 Rd2 26. Ra2 {
looks like a decisive advantage for White since the knight on b8 has been
doomed ever since the game started.}) 25... Rf6 (25... Rd5 $1 26. b6 cxb6 27.
c7 Na6 28. c8=Q Rxc8 29. Rxc8 Rxd4 30. Rxa3 Nb4+ 31. Kc3 e5 {should be
holdable.}) 26. f4 (26. f3 {seems safer to me because b6 is a threat now.})
26... gxf4 27. gxf4 Rg6 28. g3 Kh7 29. Rc3 Rd6 30. Kd3 a2 31. Ke3 Ra4 32. Nc2
e5 33. Ra3 exf4+ 34. gxf4 Rc4 35. R1xa2 Re6+ 36. Kf3 Rf6 37. Ra8 Rcxf4+ 38. Ke3
Rf3+ 39. Ke2 Rf2+ {It is funny that Muzychuk did not touch her knight on b8
for the entire game!} 40. Ke3 R2f3+ 41. Ke2 Rf2+ 1/2-1/2